| 000 | 003950000a22001690004500 | ||
|---|---|---|---|
| 003 | MACL | ||
| 005 | 20160105131742.0 | ||
| 008 | 160105b xxu||||| |||| 00| 0 eng d | ||
| 040 |
_aMACL _cMACL |
||
| 041 | _aEnglish | ||
| 082 | _a822/WAL | ||
| 100 |
_aWaller, A R _927957 |
||
| 245 | _aThe Plays of Moliere | ||
| 260 |
_bEdinbnrgb _c1907 |
||
| 650 |
_aDrama _927958 |
||
| 942 |
_cBK _k822/WAL _2ddc |
||
| 999 |
_c36686 _d36686 |
||